Największe wulkany na świecie na mapie - Statystyki

Ogólne statystyki
  • Ten quiz został rozwiązany 48 razy
    43 od ostatniego zresetowania
  • Średni wynik to 5 z 63
Odpowiedzi na mapie
Odpowiedzi zakodowano w zielono-czerwonej skali na mapie do tego quizu, zgodnie z poniższymi procentami.
 
Statystyki odpowiedzi
Wulkan % Poprawnych
Etna
97%
Wezuwiusz
92%
Fudżi
50%
Stromboli
33%
Hekla
25%
Mauna Kea
25%
Mauna Loa
25%
Krakatau
22%
Santoryn
19%
Cotopaxi
17%
St. Helens
14%
Kluczewska Sopka
11%
Pinatubo
11%
Kamerun
8%
Ojos del Salado
8%
Kilauea
6%
Mayon
6%
Meru
6%
Orizaba
6%
Pico del Teide
6%
Popocatepetl
6%
Tambora
6%
Agung
3%
Beerenberg
3%
Colima
3%
Dempo
3%
Fogo
3%
Irazu
3%
Katmai
3%
Koriacka Sopka
3%
Manam
3%
Ruapehu
3%
Ruiz
3%
Shasta
3%
Tristan da Cunha
3%
Acatenango
0%
Ałaid
0%
Aso
0%
Bagana
0%
Egmont
0%
Grimsvötn
0%
Guallatri
0%
Hvannadalshnukar
0%
Karthala
0%
Kerinci
0%
Lascar
0%
Llaima
0%
Llullaillaco
0%
Misti
0%
Nyamlagira
0%
Nyirangongo
0%
Piton de Fornaise
0%
Rainier
0%
Raung
0%
Redoubt
0%
Rinjani
0%
Sabancaya
0%
San Miguel
0%
Semeru
0%
Slamet
0%
Terceira
0%
Ulawan
0%
Villarica
0%
Nie znaleziono quizów pasujących do podanych kryteriów
Rozkład punktacji
Procent ludzi z każdym wynikiem
Percentyl według liczby udzielonych odpowiedzi
Twoja historia wyników
Nie rozwiązałeś tego quizu od ostatniego zresetowania